00583nam a2200193Ia 4500001001000000003000500010008004100015010001100056040000900067082001700076100002500093245008000118260006100198300001100259440003500270650002500305700002300330710003600353Para_6173CHAP220125s1958 xx 000 0 und d a204793 cCHAP aPA 595.44 C4 aChamberlin, Ralph V. aThe spider family dictynidae in America North of México /c by R. V. Ch. aWillis J. Gertsch :b America Museum of Natural History a152 p. aBulletin 116 / A. M. N. H. : 1 aArañas x México aGertsch, Willis J. aBulletin of the Natural History